00447nam a2200157 a 450000100080000000500110000800800410001910000170006024500670007726000430014430000080018765300190019565300210021465300220023565300320025711130312000-10-13 1980 bl uuuu u0uu1 u #d1 aMUSSOI, E.M. aTransferencia de tecnologia e eficiencia de producao agricola. aFlorianopolis: Emater-SC/Acarescc1980 a1v. aEXTENSAO RURAL aPEQUENO PRODUTOR aPRODUCAO AGRICOLA aTRANSFERENCIA DE TECNOLOGIA